[Event "TUR-ch Seniors 50"]
[Site "Ankara"]
[Date "2023.05.24"]
[Round "6"]
[White "Yurdamli, Tahsin"]
[Black "Akcun, Fayik"]
[Result "1-0"]
[WhiteElo "1418"]
[BlackElo "1653"]
[PlyCount "71"]
[EventDate "2023.05.19"]
[EventType "swiss"]
[EventRounds "9"]
[EventCountry "TUR"]
[SourceTitle "CBM 214 Extra"]
[Source "ChessBase"]
[SourceDate "2023.07.31"]
[SourceVersion "1"]
[SourceVersionDate "2023.07.31"]
[SourceQuality "1"]

1. d4 Nf6 2. c4 g6 3. Nf3 Bg7 4. Nc3 0-0 5. e4 d6 6. h3 Nbd7 7. Bg5 c5 8. d5 Qa5 9. Qd2 Re8 10. Bd3 e6 11. 0-0 exd5 12. exd5 Ne5 13. Nxe5 dxe5 14. Rfe1 Bd7 15. Ne4 Qxd2 16. Bxd2 Nxe4 17. Bxe4 f5 18. Bc2 a6 19. Rab1 b5 20. b3 Kf7 21. Bc3 h5 22. f3 h4 23. Re2 Re7 24. Rbe1 Rae8 25. Kf2 g5 26. b4 cxb4 27. Bxb4 bxc4 28. Bxe7 Kxe7 29. Rb1 Rc8 30. Rb7 Kd6 31. Rxd7+ Kxd7 32. Bxf5+ Kc7 33. Bxc8 Kxc8 34. Rc2 Kd7 35. Rxc4 Kd6 36. Rc6+ 1-0